Movies Quiz

Random Movies or Animation Quiz
Score 0/20 Timer 07:00
2 Plays Today
Hint Character % Correct
Bambi
95.1%
Peter Pan
93.9%
Cinderella
93.1%
Scar
92.4%
Dumbo
90.8%
Aladdin
90.1%
Winnie the Pooh
89.5%
Goofy
89%
Olaf
88.8%
Wall - E
88.8%
Hint Character % Correct
Baloo
86.1%
Cruella de Vil
83.6%
Lightning McQueen
80.3%
Jafar
79.6%
Nala
79.4%
Rapunzel
77.8%
Gaston
77.8%
Bashful
77.3%
Princess Aurora
68.6%
Anastasia
38.1%
Remove Ads.
Support Sporcle.
Get the best of Sporcle when you Go Orange. This ad-free experience offers more features, more stats, and more fun while also helping to support Sporcle. Thank you for becoming a member.

You're not logged in!

Compare scores with friends on all Sporcle quizzes.
OR
Log In

Sporcle TV

Today on Sporcle TV


Watch our educational content, quiz creation guides, and fun videos on Sporcle TV.

Show Comments

Extras

Top Quizzes Today


Score Distribution

Paid Content

Your Account Isn't Verified!

In order to create a playlist on Sporcle, you need to verify the email address you used during registration. Go to your Sporcle Settings to finish the process.

Report this User

Report this user for behavior that violates our Community Guidelines.

Details: